| 000 | 00382nam a2200145Ia 4500 | ||
|---|---|---|---|
| 005 | 20250603145636.0 | ||
| 008 | 250603s9999 xx 000 0 und d | ||
| 050 | _aAP 2 .R2553/ | ||
| 245 | 0 | _aReader’s digest condensed books | |
| 260 | _aPleasantville, N.Y. | ||
| 260 | _bThe Reader's Digest Association, Inc. | ||
| 260 | _c1988 | ||
| 650 | _aPleasantville, N.Y. | ||
| 942 | _cBK | ||
| 999 |
_c42434 _d42434 |
||